Statistics for St Gregs Campbelltown

Click here to take the quiz!

General Stats

  • This quiz has been taken 41 times
    (18 since last reset)
  • The average score is 8 of 13

Answer Stats

Hint Answer % Correct
what time does school start8:25
100%
Merit System (_____ Stamp)Green
100%
Demerit System (___ Stamp)Red
100%
Slang word for afternoon detentionArvo
100%
green HouseKillian
75%
Yellow HouseDonovan
75%
Blue HouseMolloy
75%
Closest stationCampbelltown
50%
how many red stamps for an afternoon detention3
50%
how many green stamps for a merit medallion75
50%
Red HouseLaurentian
0%
Name of the HallBrother Luke
0%
Sport dayThursday
0%

Score Distribution

Percentile by Number Answered

Percent of People with Each Score

Your Score History

You have not taken this quiz since the last reset